人気の動画からゲーム実況者を当てる - Statistics

General Stats
  • This quiz has been taken 269 times
  • The average score is 4 of 10
Answer Stats
実況者 登録者数 % Correct
SAWAYAN GAMES/サワヤンゲームズ 200万人
77%
キヨ。 509万人
64%
もこうの実況 158万人
42%
のばまんゲームス 74万人
39%
日常組 238万人
38%
ポッキー 366万人
35%
らっだぁ 134万人
32%
レトルト 253万人
30%
赤髪のとものゲーム実況チャンネル!! 210万人
28%
兄者弟者 315万人
11%
No matching quizzes found
Score Distribution
Percent of People with Each Score
Percentile by Number Answered
Your Score History
You have not taken this quiz